000 00745nam a2200253Ia 4500
003 OSt
005 20220925202732.0
006 a|||||r|||| 00| 0
007 ta
008 220923b |||||||| |||| 00| 0 eng d
020 _a8175343575
037 _cGeneral Book
040 _aRTL
_cRTL
_beng
041 _2eng
_aeng
082 _aX:9588:(Z).2.P, P3
100 _aKumar H L
_9126466
245 0 _aPractical guide to employees state insurance act, rules and rgulations
250 _a4
260 _aDelhi
_bUniversal Law Publications India
_c2003
300 _axxxviii,339p
_ccm.
650 _aSocial Security Economics
_9251344
942 _hX:9588:(Z).2.P, P3
_cGB
_2CC
999 _c543913
_d543913